00681 2200217 4500001002100000005001700021008004100038035002400079082001100103090001600114245005900130260011100189300003000300500003000330500001100360650004500371850001500416980001100431985000600442999001500448YOGYA-0209000000535820090227020812.0 ind  0010-020900000005358 a301.23 a301.23bSis aSISTIM kesatuan hidup setempat daerah sulawesi selatan aJakartabDepartemen Pendidikan dan Kebudayaan Proyek Inventarisasi dan Dokumentasi Kebudayaan Daerahc1982 avii, 190 hlmbilusc23 cm aBibliografi : hlm 186-188 aIndeks aSistem kesatuan hidup - Sulawesi Selatan aYOPDYOG(B) a150605 a1 aA000056926